| 000 | 00906cam a2200265 i 4500 | ||
|---|---|---|---|
| 003 | SA-RiAUC | ||
| 005 | 20250712140712.0 | ||
| 008 | 250711s2002 ua a g 00000 ara c | ||
| 040 |
_aSA-RiKSU _bara _cSA-RiAUC _erda |
||
| 082 | 0 | 4 | _a252.5 |
| 090 |
_a252.5 _bا ي و |
||
| 100 | 1 |
_aأيوب، حسن، _d1918-2008 _eمؤلف. |
|
| 245 | 1 | 0 |
_aفقه الحج والعمرة / _cتأليف حسن أيوب. |
| 250 | _aالطبعة الأولى. | ||
| 264 | 1 |
_aالقاهرة : _bدار السلام، _c2002 |
|
| 300 |
_a180 صفحة : _bإيضاحيات ؛ _c24 سم |
||
| 336 |
_aنص _btxt _2rdacontent _3كتاب |
||
| 337 |
_aبدون وسيط _bn _2rdamedia |
||
| 338 |
_aمجلد _bnc _2rdacarrier |
||
| 650 | 7 |
_aالحج _2aucsh |
|
| 650 | 7 |
_aالعمرة _2aucsh |
|
| 650 | 7 |
_aالعبادات (فقه إسلامي) _2aucsh |
|
| 942 |
_2ddc _cBOOK _n0 |
||
| 949 |
_aSA-JeALM _d250711 _umohamedma123 _n1 |
||
| 999 |
_c9795 _d9795 |
||